Capitales se terminant par A - Statistiques

Statistiques générales
  • Ce quiz a été pris 267 fois
    254 depuis la dernière actualisation
  • Le résultat moyen est 29 sur 46
Statistiques - réponses
Capitales % Correct
Ottawa
87%
Panama
85%
Lima
84%
Accra
82%
Brasilia
82%
Ankara
81%
Canberra
80%
Addis-Abeba
78%
Bogota
76%
Jakarta
76%
Asmara
75%
Luanda
75%
Guatemala
73%
Managua
73%
Manama
73%
Riga
73%
Bratislava
71%
Dacca
71%
Doha
70%
Abuja
68%
Sanaa
68%
Dodoma
66%
Pretoria
66%
Kampala
65%
Kinshasa
65%
Praia
65%
Apia
64%
Lusaka
64%
Ljubljana
62%
Djouba
61%
Podgorica
61%
Pristina
61%
Sofia
61%
Tirana
61%
Suva
60%
N'Djaména
59%
Tegucigalpa
59%
Victoria
57%
Monrovia
55%
Port-Vila
51%
Honiara
50%
Gitega
49%
Nuku'Alofa
44%
Bujumbura
23%
Tel Aviv-Jaffa
9%
Putrajaya
5%
Aucun quiz correspondant
Distribution des résultats
% des personnes avec chaque résultat
Percentile par nombre de réponses
Votre historique - résultats
Vous n’avez pas pris ce quiz depuis la dernière actualisation